Cyprus, the holy island : icons through the centuries 10th - 20th century = Κύπρος, η αγία νήσος : εικόνες δια μέσου των αιώνων 10ος - 20ός αιώνας

Αποθηκεύτηκε σε:
Λεπτομέρειες βιβλιογραφικής εγγραφής
Συγγραφή απο Οργανισμό/Αρχή: Ίδρυμα Αναστασίου Γ. Λεβέντη (Κύπρος) (Παραγωγός)
Άλλοι συγγραφείς: Σοφοκλέους, Σοφοκλής (Επιμελητής έκδοσης)
Μορφή: Βιβλίο
Γλώσσα:Greek
English
Δημοσίευση: Λευκωσία : Ίδρυμα Α. Γ. Λεβέντη, 2000.
Θέματα:
Ετικέτες: Προσθήκη ετικέτας
Δεν υπάρχουν, Καταχωρήστε ετικέτα πρώτοι!

MARC

LEADER 00000cam a2200000 a 4500
001 1/115497
008 171121s2000####cy | ||| |||| ||gre||
020 |a 9963560407 
040 |a GR-MyUa  |b gre  |c GR-MyUa  |e AACR2 
041 1 |a eng  |a gre 
082 7 |a 281.95693   |2 (23) 
245 0 0 |a Cyprus, the holy island :   |b icons through the centuries 10th - 20th century = Κύπρος, η αγία νήσος : εικόνες δια μέσου των αιώνων 10ος - 20ός αιώνας /   |c [editor in chief : Sophocles Sophocleous].  
246 1 |i Παράλληλος τίτλος :   |a Κύπρος, η αγία νήσος 
260 |a Λευκωσία :   |b Ίδρυμα Α. Γ. Λεβέντη,   |c 2000.  
300 |a 301 σ. :   |b έγχρ. εικ., χάρτ. ;   |c 28 εκ.  
500 |a A millennium celebration of the Orthodox Archdiocese of Thyateira and Great Britain, the Hellenic centre 1 November - 17 December, 2000 = Εορτασμός της χιλιετηρίδος από την Αρχιεπισκοπή Θυατείρων και Μεγάλης Βρετανίας, Ελληνικό Κέντρο Λονδίνου 1 Νοεμβρίου - 17 Δεκεμβρίου, 2000.  
500 |3 The exhibition is organized by the A.G.Leventis Foundation, the Hellenic Centre and the Centre of Cultural Heritage, Nicosia = Η έκθεση διοργανώνεται από το Ίδρυμα Α.Γ.Λεβέντη, το Ελληνικό Κέντρο Λονδίνου και το Κέντρο Πολιτιστικής Κληρονομιάς.  
504 |a Βιβλιογραφία : σ. 296 - 301.  
504 |a Περιλαμβάνει κατάλογο και πίνακα εικόνων, γλωσσάριο και χρονολογικό πίνακα.  
610 2 0 |a Orthodox Eastern Church  |z Cyprus. 
650 0 |a Icons, Greek  |z Cyprus  |x Exhibitions. 
650 0 |a Art, Byzantine  |x History. 
650 0 |a Icons, Byzantine  |z Cyprus  |x Exhibitions. 
651 0 |a Cyprus  |x Church history. 
700 1 |a Σοφοκλέους, Σοφοκλής,  |e edt 
710 2 |a Ίδρυμα Αναστασίου Γ. Λεβέντη (Κύπρος)  |e pro 
852 |a INST  |b RHODES  |e 20171121  |h 281.95693 CYP  |p 005400039495  |q 005400039495  |t BK  |y 0 
970 |z 21-11-2017